00978cam a22002531 4500001001300000003000400013005001700017008004100034010001700075035001900092040001900111042001200130050002500142100001900167245009400186260011100280300005700391490006800448504002800516650004000544650005100584830007200635999001700707gs 65000262 DLC20260227111417.0780807s1964 nmua 000 0 eng  ags 65000262  a(OCoLC)4117407 aDLCcTxEUdDLC apremarc00aTN24.N6bA232 no. 851 aFoster, Roy W.10aStratigraphy and petroleum possibilities of Catron County, New Mexico,cbu Roy W. Foster. aSocorro,bState Bureau of Mines and Mineral Resources, New Mexico Institute of Mining & Technology,c1964. a55 p.billus., 2 fold. col. maps (in pocket)c23 cm.1 aNew Mexico. Bureau of Mines and Mineral Resources. Bulletinv85 aBibliography: p. 50-51. 0aGeologyzNew MexicozCatron County. 0aPetroleumxGeologyzNew MexicozCatron County. 0aBulletin (New Mexico. Bureau of Mines and Mineral Resources) ;v85. c30054d30054